| 000 | 00390nam a22001457a 4500 | ||
|---|---|---|---|
| 020 | _a0-07-025389-7 | ||
| 082 | _a621.3825 HAT'D | ||
| 100 |
_aHA.T.TRI _964875 |
||
| 245 | _aDIGITAL SATELLITE COMMUNICATION | ||
| 250 | _a2ND | ||
| 260 |
_aNEWYORK _bMCGRAW HILL _c1990 |
||
| 300 | _a641P | ||
| 650 |
_aARTIFICIAL SATELLITES IN TELECOMMUNICATIONS DIGITAL COMMUNICATION _964876 |
||
| 942 | _cBK | ||
| 999 |
_c573240 _d573240 |
||